000 00291nam a22001337a 4500
003 SGT
082 _a616.89
_bE05S
100 _aSTEIN, DAN J.
245 _aEVIDENCE BASED PSYCHOPHARMACOLOGY
260 _aUK
_bCAMBRIDGE
_c2005
300 _a362
650 _aPSYCHOLOGY
942 _2ddc
_cBK
999 _c14525
_d14525